[Event "Tinaquillo Cojedes op"]
[Site "Tinaquillo"]
[Date "2022.04.03"]
[Round "6"]
[White "Singer Rojas, Richard Javier"]
[Black "Escalona Landi, Samid Eduardo"]
[Result "0-1"]
[WhiteElo "1750"]
[BlackElo "2126"]
[PlyCount "62"]
[EventDate "2022.04.01"]
[EventType "swiss"]
[EventRounds "6"]
[EventCountry "VEN"]
[SourceTitle "EXT 2023"]
[Source "ChessBase"]
[SourceDate "2022.10.05"]
[SourceVersion "1"]
[SourceVersionDate "2022.10.05"]
[SourceQuality "1"]

1. e4 c5 2. Nf3 d6 3. d4 cxd4 4. Nxd4 Nf6 5. Nc3 a6 6. f3 e5 7. Nb3 Be6 8. Be3 Be7 9. Qd2 0-0 10. 0-0-0 a5 11. Kb1 a4 12. Nc1 a3 13. b3 Ra5 14. Qf2 Nbd7 15. g4 d5 16. exd5 Nxd5 17. Nxd5 Rxd5 18. Bd3 Qc7 19. Ne2 b5 20. h4 Rc8 21. Be4 Nf6 22. Rc1 Nxe4 23. fxe4 Rd7 24. c3 Bxg4 25. Ng3 Rd3 26. c4 bxc4 27. Rxc4 Qd7 28. Rxc8+ Qxc8 29. Nf5 Bxf5 30. exf5 Qc6 31. Re1 Bb4 0-1

[Event "Barquisimeto Fide Arbiter"]
[Site "Barquisimeto"]
[Date "2020.02.09"]
[Round "6.1"]
[White "Singer Rojas, Richard Javier"]
[Black "Rumbos Garcia, Alejandro Daniel"]
[Result "0-1"]
[WhiteElo "1744"]
[BlackElo "1704"]
[PlyCount "64"]
[EventDate "2020.02.07"]
[EventType "schev"]
[EventRounds "7"]
[EventCountry "VEN"]
[SourceTitle "EXT 2021"]
[Source "ChessBase"]
[SourceDate "2020.10.23"]
[SourceVersion "1"]
[SourceVersionDate "2020.10.23"]
[SourceQuality "1"]
[WhiteTeam "Orianita Aponte Academia"]
[BlackTeam "Robert Fischer CC"]
[WhiteTeamCountry "VEN"]
[BlackTeamCountry "VEN"]

1. e4 c5 2. Nf3 d6 3. d4 cxd4 4. Nxd4 Nf6 5. Nc3 a6 6. Be3 e6 7. f3 b5 8. a3 Bb7 9. Qd2 d5 10. e5 Nfd7 11. f4 Nc6 12. f5 Nxd4 13. Bxd4 Rc8 14. fxe6 fxe6 15. Be2 Bc5 16. Bxc5 Nxc5 17. 0-0 Rf8 18. Bh5+ g6 19. Bg4 Qe7 20. Rxf8+ Kxf8 21. Rf1+ Kg7 22. b4 Nd7 23. h3 Rc4 24. Be2 Rc7 25. Bg4 Nb6 26. Qd4 Nc4 27. Rf6 Bc8 28. h4 Nxa3 29. h5 Rc4 30. Qd1 Rxc3 31. hxg6 hxg6 32. Qd2 Qa7+ 0-1

[Event "Barquisimeto Fide Arbiter"]
[Site "Barquisimeto"]
[Date "2020.02.07"]
[Round "2.1"]
[White "Singer Rojas, Richard Javier"]
[Black "Arteaga Colmenarez, Jaime David"]
[Result "0-1"]
[WhiteElo "1744"]
[BlackElo "1897"]
[PlyCount "50"]
[EventDate "2020.02.07"]
[EventType "schev"]
[EventRounds "7"]
[EventCountry "VEN"]
[SourceTitle "EXT 2021"]
[Source "ChessBase"]
[SourceDate "2020.10.23"]
[SourceVersion "1"]
[SourceVersionDate "2020.10.23"]
[SourceQuality "1"]
[WhiteTeam "Orianita Aponte Academia"]
[BlackTeam "Robert Fischer CC"]
[WhiteTeamCountry "VEN"]
[BlackTeamCountry "VEN"]

1. e4 c5 2. Nf3 d6 3. d4 cxd4 4. Nxd4 Nf6 5. Nc3 a6 6. Be3 e5 7. Nb3 Be6 8. f3 h5 9. Be2 Nbd7 10. Qd2 Rc8 11. 0-0 Be7 12. Kh1 0-0 13. Qe1 b5 14. Qg3 Re8 15. a3 Nb6 16. Rad1 b4 17. Bc4 Bxc4 18. Bh6 Bf8 19. Rf2 h4 20. Qxh4 gxh6 21. f4 Bg7 22. f5 Nh7 23. Qg3 Kh8 24. Ne2 Bf6 25. Qh3 Bg5 0-1

[Event "Pan American-ch School U13"]
[Site "Medellin"]
[Date "2019.11.14"]
[Round "5"]
[White "Singer Rojas, Richard Javier"]
[Black "Rodriguez Pantoja, Obel"]
[Result "1-0"]
[WhiteElo "1774"]
[BlackElo "1614"]
[PlyCount "91"]
[EventDate "2019.11.12"]
[EventType "swiss"]
[EventRounds "9"]
[EventCountry "COL"]
[SourceTitle "CBM 193 Extra"]
[Source "ChessBase"]
[SourceDate "2020.01.31"]
[SourceVersion "1"]
[SourceVersionDate "2020.01.31"]
[SourceQuality "1"]

1. e4 c5 2. Nf3 g6 3. d4 cxd4 4. Nxd4 Bg7 5. c4 Nc6 6. Nc2 Nf6 7. Nc3 0-0 8. Be2 d6 9. Be3 Be6 10. f3 Rc8 11. Qd2 Ne5 12. b3 Nc6 13. 0-0 Qa5 14. b4 Nxb4 15. Nd5 Bxd5 16. exd5 Nfxd5 17. Nxb4 Nxb4 18. Rab1 Nc6 19. Rxb7 Bd4 20. Kh1 Bxe3 21. Qxe3 Qxa2 22. Rbb1 Qa5 23. f4 Qc5 24. Qg3 Nd4 25. Bd3 Nf5 26. Qh3 Rb8 27. Rbe1 e6 28. Rf3 Qd4 29. g4 Qf6 30. gxf5 exf5 31. Rg1 Kh8 32. Qh6 Qg7 33. Qxg7+ Kxg7 34. Bxf5 Rb4 35. Bd3 a5 36. f5 a4 37. h4 Rb2 38. h5 Rh8 39. h6+ Kg8 40. Re1 Kf8 41. Rfe3 Rb8 42. f6 a3 43. Be4 a2 44. Bc6 a1Q 45. Rxa1 g5 46. Rae1 1-0

[Event "Pan American-ch School U13"]
[Site "Medellin"]
[Date "2019.11.13"]
[Round "3"]
[White "Singer Rojas, Richard Javier"]
[Black "Claro Molinares, Samuel David"]
[Result "1-0"]
[WhiteElo "1774"]
[BlackElo "1507"]
[PlyCount "55"]
[EventDate "2019.11.12"]
[EventType "swiss"]
[EventRounds "9"]
[EventCountry "COL"]
[SourceTitle "CBM 193 Extra"]
[Source "ChessBase"]
[SourceDate "2020.01.31"]
[SourceVersion "1"]
[SourceVersionDate "2020.01.31"]
[SourceQuality "1"]

1. e4 e5 2. Nf3 Nc6 3. Bb5 a6 4. Ba4 Nf6 5. 0-0 Be7 6. Re1 b5 7. Bb3 0-0 8. a4 Bb7 9. d3 d6 10. Nbd2 Nd7 11. c3 Nc5 12. Bc2 b4 13. d4 exd4 14. cxd4 Nd7 15. Nf1 Bf6 16. Ng3 g6 17. Bh6 Re8 18. Qd2 Na5 19. Qf4 c5 20. e5 Bxf3 21. exf6 Bb7 22. Bg5 Rxe1+ 23. Rxe1 Nf8 24. Qh4 Nd7 25. Nf5 Nc6 26. d5 Nce5 27. Ne7+ Kh8 28. Bh6 1-0

[Event "Barquisimeto Cup Lara op"]
[Site "Barquisimeto"]
[Date "2019.02.16"]
[Round "2.4"]
[White "Singer Rojas, Richard Javier"]
[Black "Acosta Puerta, Eli Angelo"]
[Result "1/2-1/2"]
[WhiteElo "1647"]
[BlackElo "1476"]
[PlyCount "54"]
[EventDate "2019.02.15"]
[EventType "swiss"]
[EventRounds "5"]
[EventCountry "VEN"]
[SourceTitle "EXT 2022"]
[Source "ChessBase"]
[SourceDate "2021.10.06"]
[SourceVersion "1"]
[SourceVersionDate "2021.10.06"]
[SourceQuality "1"]

1. e4 e5 2. Nf3 d6 3. d4 exd4 4. Nxd4 Nf6 5. Nc3 Be7 6. Bc4 0-0 7. 0-0 c5 8. Nde2 Nc6 9. a3 a6 10. Ng3 Be6 11. Be2 d5 12. exd5 Nxd5 13. Nxd5 Bxd5 14. Be3 Be6 15. f4 f6 16. Ne4 b6 17. Bf3 Rc8 18. Qxd8 Rfxd8 19. Rad1 Nd4 20. Bxd4 cxd4 21. Rd2 Rc7 22. Kh1 Rcd7 23. Rfd1 g6 24. Ng3 f5 25. Re1 Kf7 26. Rde2 Bc4 27. Rd2 Bf6 1/2-1/2

[Event "VEN-ch U20"]
[Site "Maracay"]
[Date "2018.05.31"]
[Round "4"]
[White "Singer Rojas, Richard Javier"]
[Black "Romero Marino, Samuel David"]
[Result "0-1"]
[WhiteElo "1539"]
[BlackElo "1876"]
[PlyCount "74"]
[EventDate "2018.05.31"]
[EventType "swiss"]
[EventRounds "7"]
[EventCountry "VEN"]
[SourceTitle "EXT 2019"]
[Source "ChessBase"]
[SourceDate "2018.10.10"]
[SourceVersion "1"]
[SourceVersionDate "2018.10.10"]
[SourceQuality "1"]

1. e4 c5 2. Nf3 d6 3. d4 cxd4 4. Nxd4 Nf6 5. Nc3 a6 6. Be3 Ng4 7. Bg5 h6 8. Bh4 g5 9. Bg3 Bg7 10. Be2 h5 11. h3 Nf6 12. Qd2 Qb6 13. Nb3 h4 14. Bh2 Bh6 15. f4 Rg8 16. e5 gxf4 17. Bxf4 Bxf4 18. Qxf4 dxe5 19. Qxe5 Nc6 20. Nd5 Nxd5 21. Qxd5 Be6 22. Qc5 Qb4+ 23. c3 Qe4 24. Nd2 Qxg2 25. Bf3 Qg3+ 26. Qf2 Qxf2+ 27. Kxf2 0-0-0 28. Rad1 Ne5 29. Be4 Rg3 30. Nb3 Rxd1 31. Rxd1 Bxh3 32. Nc5 Ng4+ 33. Ke2 Bg2 34. Bxg2 Rxg2+ 35. Kf3 Rg3+ 36. Kf4 e5+ 37. Ke4 Nf2+ 0-1

[Event "Barquisimeto Steinitz Memorial"]
[Site "Barquisimeto"]
[Date "2017.08.19"]
[Round "3"]
[White "Carino, Daniel Enrrique"]
[Black "Singer Rojas, Richard Javier"]
[Result "1-0"]
[WhiteElo "1741"]
[BlackElo "1461"]
[PlyCount "61"]
[EventDate "2017.08.18"]
[EventType "swiss"]
[EventRounds "6"]
[EventCountry "VEN"]
[SourceTitle "CBM 180 Extra"]
[Source "ChessBase"]
[SourceDate "2017.10.06"]
[SourceVersion "1"]
[SourceVersionDate "2017.10.06"]
[SourceQuality "1"]

1. e4 c5 2. Nf3 d6 3. d4 cxd4 4. Nxd4 Nf6 5. Nc3 a6 6. Bc4 b5 7. Bb3 Bb7 8. f3 e6 9. Be3 Be7 10. Qd2 Qc7 11. Rd1 Nbd7 12. Bxe6 fxe6 13. Nxe6 Qc6 14. Nxg7+ Kf7 15. Nf5 Rac8 16. Bg5 b4 17. Bxf6 Nxf6 18. Qh6 Bf8 19. Qf4 bxc3 20. Nxd6+ Ke7 21. Qe5+ Kd7 22. Nxb7+ Bd6 23. Rxd6+ Kc7 24. Rxc6+ Kxc6 25. Na5+ Kb6 26. 0-0 Nd7 27. Qd6+ Kxa5 28. b4+ Kb5 29. a4+ Kc4 30. Rb1 Nc5 31. Qd5# 1-0